[Event "High League 2022 women"]
[Site "Obninsk"]
[Date "2022.07.05"]
[Round "9.22"]
[White "Pak, Polina"]
[Black "Izbekova, Evdokia"]
[Result "1/2-1/2"]
[LiveChessVersion "1.4.7"]
[BlackElo "1877"]
[WhiteElo "1677"]

1. Nf3 {[%clk 1:30:58]} d5 {[%clk 1:30:16]} 2. g3 {[%clk 1:31:20]} Nf6
{[%clk 1:30:13]} 3. Bg2 {[%clk 1:31:41]} Nc6 {[%clk 1:29:03]} 4. d4
{[%clk 1:25:56]} Bf5 {[%clk 1:25:23]} 5. O-O {[%clk 1:18:12]} e6 {[%clk 1:22:35]}
6. b3 {[%clk 1:10:45]} Bd6 {[%clk 1:16:33]} 7. Bb2 {[%clk 1:10:02]} h6
{[%clk 1:14:48]} 8. Nbd2 {[%clk 1:07:52]} O-O {[%clk 1:13:52]} 9. c4
{[%clk 1:03:02]} Re8 {[%clk 1:13:26]} 10. Rc1 {[%clk 0:55:52]} Ne4
{[%clk 1:02:41]} 11. Nxe4 {[%clk 0:34:48]} Bxe4 {[%clk 1:03:02]} 12. Nd2
{[%clk 0:35:07]} Bxg2 {[%clk 1:02:41]} 13. Kxg2 {[%clk 0:35:31]} e5
{[%clk 1:00:43]} 14. cxd5 {[%clk 0:25:14]} Nxd4 {[%clk 0:50:59]} 15. Nc4
{[%clk 0:25:18]} Bf8 {[%clk 0:45:25]} 16. e4 {[%clk 0:24:25]} c5 {[%clk 0:44:39]}
17. dxc6 {[%clk 0:20:53]} Nxc6 {[%clk 0:45:05]} 18. Qxd8 {[%clk 0:15:20]} Raxd8
{[%clk 0:45:31]} 19. Rfd1 {[%clk 0:15:33]} f6 {[%clk 0:45:39]} 20. Ne3
{[%clk 0:14:10]} Rxd1 {[%clk 0:35:04]} 21. Rxd1 {[%clk 0:14:28]} Rd8
{[%clk 0:35:30]} 22. Rxd8 {[%clk 0:13:53]} Nxd8 {[%clk 0:35:57]} 23. Nd5
{[%clk 0:13:57]} Bd6 {[%clk 0:35:33]} 24. f3 {[%clk 0:13:53]} Nc6
{[%clk 0:35:41]} 25. Kf2 {[%clk 0:12:10]} Kf7 {[%clk 0:35:26]} 26. g4
{[%clk 0:11:22]} Ke6 {[%clk 0:35:18]} 27. Ke3 {[%clk 0:11:09]} Nb4
{[%clk 0:32:46]} 28. Nxb4 {[%clk 0:11:27]} Bxb4 {[%clk 0:33:13]} 29. h3
{[%clk 0:11:26]} a6 {[%clk 0:32:27]} 30. Kd3 {[%clk 0:11:07]} b5 {[%clk 0:32:51]}
31. Ke3 {[%clk 0:11:16]} Bc5+ {[%clk 0:33:12]} 32. Kd3 {[%clk 0:11:15]} Kd6
{[%clk 0:33:14]} 33. Bc1 {[%clk 0:11:05]} Kc6 {[%clk 0:33:28]} 34. Be3
{[%clk 0:10:46]} Bxe3 {[%clk 0:33:52]} 35. Kxe3 {[%clk 0:11:13]} Kc5
{[%clk 0:34:18]} 36. a3 {[%clk 0:11:34]} a5 {[%clk 0:34:31]} 37. Kd3
{[%clk 0:11:56]} Kc6 {[%clk 0:33:29]} 38. Ke3 {[%clk 0:11:56]} Kc5
{[%clk 0:33:47]} 39. Kd3 {[%clk 0:12:21]} Kc6 {[%clk 0:34:14]} 40. Ke3
{[%clk 0:42:47]} Kc5 {[%clk 1:04:38]} 41. Kd3 {[%clk 0:43:10]} 1/2-1/2